[Event "45th Olympiad Budapest 2024"]
[Site "Budapest"]
[Date "2024.09.13"]
[Round "3"]
[Board "1"]
[White "Ouellet, Maili-Jade"]
[Black "Tokhirjonova, Gulrukhbegim"]
[Result "1/2-1/2"]
[WhiteElo "2318"]
[BlackElo "2380"]
[PlyCount "81"]
[EventDate "2024.09.11"]
[EventType "team-tourn"]
[EventRounds "11"]
[EventCountry "HUN"]
[WhiteTeam "Canada"]
[BlackTeam "United States of America"]
[WhiteTeamCountry "CAN"]

1. d4 {[%emt 0:00:02]} Nf6 {[%emt 0:00:14]} 2. c4 {[%emt 0:00:04]} e6 {[%emt 0:00:18]} 3. Nc3 {[%emt 0:00:09]} Bb4 {[%emt 0:00:10]} 4. e3 {[%emt 0:00:15]} O-O {[%emt 0:01:03]} 5. Bd3 {[%emt 0:00:24]} d5 {[%emt 0:00:47]} 6. Nge2 {[%emt 0:00:32]} b6 {[%emt 0:02:16]} 7. a3 {[%emt 0:02:01]} Bd6 {[%emt 0:01:53]} 8. e4 {[%emt 0:04:45]} dxe4 {[%emt 0:05:52]} 9. Nxe4 {[%emt 0:00:04]} Bb7 {[%emt 0:00:50]} 10. Nxd6 {[%emt 0:04:06]} cxd6 {[%emt 0:00:27]} 11. O-O {[%emt 0:00:52]} d5 $146 {[%emt 0:00:42]} ({RR} 11... Nbd7 12. Nc3 d5 13. Bg5 dxc4 14. Bxc4 Qc7 15. Ba2 Qd6 16. Re1 Rac8 17. Qd2 b5 18. Bf4 Qc6 19. f3 Nb6 20. Rac1 Qd7 21. Bg5 Nbd5 22. Ne2 Rxc1 23. Nxc1 Ne7 24. Nb3 Qd5 25. Re5 Qd6 26. Rxb5 {½-½ Ramirez,C (2284)-Martinez,C (2232) COL-ch San Andres Islas 2008 (8)}) ({RR} 11... Be4 12. b3 Nbd7 13. Bb2 d5 14. Ng3 Bxd3 15. Qxd3 Rc8 16. Rac1 Re8 17. Rfe1 Rc7 18. Nf1 Ne4 19. b4 Nd6 20. c5 Nc4 21. Rc2 e5 22. dxe5 Nxb2 23. Rxb2 Nxe5 24. Rbe2 Rce7 25. Qg3 f6 26. Ne3 {1-0 Obsivac,J (2335)-Hrtanek,J CZE-chT2c 9596 1995 (3)}) 12. Bg5 {[%emt 0:01:55]} dxc4 {[%emt 0:04:17]} 13. Bxc4 {[%emt 0:00:34]} b5 {[%emt 0:01:14]} 14. Ba2 {[%emt 0:02:01]} Nbd7 {[%emt 0:01:15]} 15. Nc3 {[%emt 0:09:31]} h6 {[%emt 0:10:27]} 16. Be3 {[%emt 0:03:13]} a6 {[%emt 0:17:34]} 17. d5 {[%emt 0:04:29]} exd5 {[%emt 0:05:47]} 18. Nxd5 {[%emt 0:03:05]} Nxd5 {[%emt 0:05:39]} 19. Bxd5 {[%emt 0:00:10]} Bxd5 {[%emt 0:00:09]} 20. Qxd5 {[%emt 0:00:04]} Nf6 {[%emt 0:00:22]} 21. Qc6 {[%emt 0:04:33]} Qd5 {[%emt 0:04:06]} 22. Rac1 {[%emt 0:02:24]} Qe5 {[%emt 0:01:03]} 23. Qc3 {[%emt 0:03:46]} Qxc3 {[%emt 0:06:43]} 24. Rxc3 {[%emt 0:00:05]} Nd5 {[%emt 0:00:22]} 25. Rd3 {[%emt 0:02:39]} Nxe3 {[%emt 0:00:10]} 26. Rxe3 {[%emt 0:02:09]} Rac8 {[%emt 0:00:14]} 27. Rfe1 {[%emt 0:00:33]} Rc2 {[%emt 0:02:48]} 28. R3e2 {[%emt 0:00:22]} Rfc8 {[%emt 0:00:20]} 29. g3 {[%emt 0:00:26]} a5 {[%emt 0:00:42]} 30. Kf1 {[%emt 0:00:48]} g5 {[%emt 0:06:54]} 31. Rxc2 {[%emt 0:06:35]} Rxc2 {[%emt 0:01:35]} 32. Re2 {[%emt 0:00:04]} Rc5 {[%emt 0:00:13]} 33. Ke1 {[%emt 0:04:03]} Kg7 {[%emt 0:02:42]} 34. Kd2 {[%emt 0:00:46]} Kf6 {[%emt 0:00:37]} 35. Kd3 {[%emt 0:02:06]} Kf5 {[%emt 0:00:55]} 36. Re4 {[%emt 0:05:22]} h5 {[%emt 0:03:46]} 37. h3 {[%emt 0:04:28]} Kg6 {[%emt 0:07:00]} 38. b4 {[%emt 0:10:56]} axb4 {[%emt 0:01:01]} 39. axb4 {[%emt 0:01:39]} Rf5 {[%emt 0:01:25]} 40. Ke3 {[%emt 0:01:13]} Rd5 {[%emt 0:00:34]} 41. Rd4 {[%emt 0:06:11]} 1/2-1/2

[Event "45th Olympiad Budapest 2024"]
[Site "Budapest"]
[Date "2024.09.13"]
[Round "3"]
[Board "2"]
[White "Yip, Carissa"]
[Black "Li, Yunshan"]
[Result "1-0"]
[WhiteElo "2386"]
[BlackElo "2268"]
[PlyCount "81"]
[EventDate "2024.09.11"]
[EventType "team-tourn"]
[EventRounds "11"]
[EventCountry "HUN"]
[WhiteTeam "United States of America"]
[BlackTeam "Canada"]
[BlackTeamCountry "CAN"]

1. e4 c5 {[%emt 0:00:12]} 2. Nf3 {[%emt 0:00:28]} e6 {[%emt 0:00:09]} 3. d3 {[%emt 0:00:41]} Nc6 {[%emt 0:00:17]} 4. g3 {[%emt 0:00:21]} Nf6 {[%emt 0:01:06]} 5. Bg2 {[%emt 0:00:05]} Be7 {[%emt 0:01:03]} 6. O-O {[%emt 0:00:06]} O-O {[%emt 0:00:25]} 7. Re1 {[%emt 0:00:40]} d6 {[%emt 0:01:26]} 8. c3 {[%emt 0:01:51]} Bd7 {[%emt 0:02:14]} 9. d4 {[%emt 0:02:55]} cxd4 {[%emt 0:07:06]} 10. cxd4 {[%emt 0:01:06]} d5 {[%emt 0:01:08]} 11. e5 {[%emt 0:00:34]} Ne4 {[%emt 0:01:11]} 12. Nbd2 {[%emt 0:06:20]} Nxd2 {[%emt 0:01:22]} 13. Bxd2 {[%emt 0:00:05]} Rc8 {[%emt 0:04:59]} ({RR} 13... Qb6 14. Bc3 a5 15. a3 Rac8 16. h4 h6 17. Bf1 Na7 18. Rc1 Bb5 19. Bh3 Bd7 20. Qd3 Nb5 21. Bd2 Rxc1 22. Rxc1 Rc8 23. Rxc8+ Bxc8 24. Bf1 Bd7 25. Be2 Na7 26. Qc3 Nc6 27. Bd3 Be8 28. Bc2 {1-0 Sjugirov,S (2690)-Martinez Pla,X (2264) Titled Tue 19th Mar Late 2024 (1)}) 14. Bf1 {[%emt 0:04:35]} f5 $146 {[%emt 0:11:53]} ({RR} 14... a6 15. Bd3 Nb4 16. Bb1 b5 17. h4 a5 18. Kg2 f5 19. exf6 gxf6 20. Ne5 fxe5 21. Bxh7+ Kxh7 22. Qh5+ Kg8 23. Qg6+ Kh8 24. Rxe5 Rf5 25. Qh6+ Kg8 26. Qg6+ Kh8 27. Rxf5 exf5 {½-½ Minic,D-Udovcic,M YUG-ch14 Final 1959 (2)}) 15. exf6 {[%emt 0:01:49]} Bxf6 {[%emt 0:00:13]} 16. Bc3 {[%emt 0:00:18]} Qe8 {[%emt 0:01:49]} 17. h4 {[%emt 0:09:02]} Qf7 {[%emt 0:04:38]} 18. Qd2 {[%emt 0:02:02]} Be7 {[%emt 0:08:53]} 19. Re3 {[%emt 0:03:09]} Qh5 {[%emt 0:02:58]} 20. Be2 {[%emt 0:00:29]} Qf5 {[%emt 0:00:51]} 21. Bd3 {[%emt 0:02:43]} Qh5 {[%emt 0:00:35]} 22. Be2 {[%emt 0:07:13]} Qf5 {[%emt 0:01:00]} 23. Rf1 {[%emt 0:00:05]} Rf7 {[%emt 0:08:08]} 24. b4 {[%emt 0:06:22]} Bf6 {[%emt 0:16:30]} 25. Nh2 {[%emt 0:06:55]} Be7 {[%emt 0:20:31]} 26. b5 {[%emt 0:04:13]} Nd8 {[%emt 0:00:46]} 27. Re5 {[%emt 0:01:18]} Qg6 {[%emt 0:01:01]} 28. h5 {[%emt 0:17:41]} Qh6 {[%emt 0:00:24]} 29. Qe1 {[%emt 0:00:03]} g5 {[%emt 0:01:09]} 30. Ng4 {[%emt 0:07:48]} Qg7 {[%emt 0:00:29]} 31. h6 {[%emt 0:00:55]} Qg6 {[%emt 0:00:58]} 32. Qd2 {[%emt 0:01:37]} Rf8 {[%emt 0:00:26]} 33. Bd3 {[%emt 0:02:39]} Qh5 {[%emt 0:00:26]} 34. Bb4 {[%emt 0:01:25]} Bxb4 {[%emt 0:00:45]} 35. Rxg5+ {[%emt 0:00:09]} Kh8 {[%emt 0:00:30]} 36. Qxb4 {[%emt 0:00:16]} Nc6 {[%emt 0:00:31]} 37. Qxf8+ {[%emt 0:00:12]} Rxf8 {[%emt 0:00:04]} 38. Rxh5 {[%emt 0:00:04]} Nxd4 {[%emt 0:00:11]} 39. Ne5 {[%emt 0:00:33]} Bxb5 {[%emt 0:00:24]} 40. Bxb5 {[%emt 0:00:04]} Nxb5 {[%emt 0:00:03]} 41. Rc1 {[%emt 0:00:46]} 1-0

[Event "45th Olympiad Budapest 2024"]
[Site "Budapest"]
[Date "2024.09.13"]
[Round "3"]
[Board "4"]
[White "Vidic, Teja"]
[Black "Schulze, Lara"]
[Result "1-0"]
[WhiteElo "2128"]
[BlackElo "2283"]
[PlyCount "81"]
[EventDate "2024.09.11"]
[EventType "team-tourn"]
[EventRounds "11"]
[EventCountry "HUN"]
[WhiteTeam "Slovenia"]
[BlackTeam "Germany"]
[WhiteTeamCountry "SLO"]
[BlackTeamCountry "GER"]

1. Nf3 {[%emt 0:00:02] ChessBase} d5 {[%emt 0:00:15]} 2. c4 {[%emt 0:00:08]} e6 {[%emt 0:00:07]} 3. b3 {[%emt 0:00:05]} d4 {[%emt 0:05:12]} 4. g3 {[%emt 0:00:17]} Nc6 {[%emt 0:02:25]} 5. Bg2 {[%emt 0:05:07]} e5 {[%emt 0:01:31]} 6. d3 {[%emt 0:00:37]} Bb4+ {[%emt 0:00:46]} ({RR} 6... Bc5 7. O-O a5 8. Ba3 Be7 9. Bxe7 Qxe7 10. e3 dxe3 11. fxe3 Nf6 12. Nc3 O-O 13. Nd5 Nxd5 14. cxd5 Nb4 15. e4 Bg4 16. a3 Na6 17. Qd2 Nc5 18. Qc3 Bxf3 19. Bxf3 a4 20. b4 Nb3 21. Ra2 {0-1 Cuenca Jimenez,F (2036)-Kozusek,D (2360) 19th South Wales Int 2024 (2.7)}) 7. Nbd2 {[%emt 0:06:11]} a5 {[%emt 0:06:13]} 8. O-O $146 {[%emt 0:05:41]} ({RR} 8. a3 Be7 9. Rb1 Nf6 10. O-O Nd7 11. Ne1 O-O 12. Nc2 Nc5 13. Ne4 Na6 14. Qe1 f5 15. Nd2 Kh8 16. h4 Rb8 17. Nf3 e4 18. Ng5 Nc5 19. Qd1 Bf6 20. Nh3 b5 21. Bg5 Bxg5 22. hxg5 b4 {½-½ McNab,C (2451)-Ivanchuk,V (2752) EU-chT (Men) 15th 2005 (3.1)}) ({RR} 8. a3 Be7 9. O-O Nf6 10. Rb1 Nd7 11. Ne1 O-O 12. Nc2 Nc5 13. Ne4 Nxe4 14. Bxe4 Bh3 15. Re1 Qd7 16. b4 axb4 17. axb4 Bf5 18. Bh1 Nd8 19. e3 c6 20. exd4 exd4 21. Rb3 Bf6 22. h4 Bg4 {½-½ Duda,J (2729)-Anand,V (2764) Paris GCT rapid 2019 (6)}) ({RR} 8. a3 Bc5 9. Bb2 Nf6 10. Ng5 O-O 11. O-O Re8 12. Nge4 Nxe4 13. dxe4 Qe7 14. Nf3 Be6 15. Ne1 Rad8 16. Nd3 Ba7 17. Rc1 f6 18. c5 Qf7 19. b4 Bc4 20. Qd2 b5 21. f4 Qe7 22. f5 Ra8 {1-0 Bryakin,M (2437)-Solon,N (2306) Titled Tue 27th Dec Late 2022 (8)}) 8... f5 {[%emt 0:07:55]} 9. Qc2 {[%emt 0:13:41]} Nf6 {[%emt 0:03:27]} 10. Nh4 {[%emt 0:16:03]} O-O {[%emt 0:04:16]} 11. Ndf3 {[%emt 0:00:39]} Ra6 {[%emt 0:24:37]} 12. Bd2 {[%emt 0:16:50]} Bc5 {[%emt 0:06:39]} 13. a3 {[%emt 0:01:06]} Qd6 {[%emt 0:07:26]} 14. Qb2 {[%emt 0:01:47]} Re8 {[%emt 0:01:39]} 15. Ne1 {[%emt 0:06:43]} e4 {[%emt 0:01:26]} 16. Nc2 {[%emt 0:03:01]} Rb6 {[%emt 0:03:07]} 17. Rab1 {[%emt 0:04:22]} Ne5 {[%emt 0:05:09]} 18. b4 {[%emt 0:04:10]} Qd8 {[%emt 0:05:15]} 19. Qa1 {[%emt 0:01:46]} axb4 {[%emt 0:03:56]} 20. axb4 {[%emt 0:00:06]} Ra6 {[%emt 0:00:09]} 21. Qb2 {[%emt 0:02:02]} Bf8 {[%emt 0:01:44]} 22. Nxd4 {[%emt 0:05:50]} exd3 {[%emt 0:01:46]} 23. exd3 {[%emt 0:00:31]} Nxd3 {[%emt 0:00:20]} 24. Qc3 {[%emt 0:00:08]} Nxb4 {[%emt 0:02:27]} 25. Ndxf5 {[%emt 0:01:25]} c5 {[%emt 0:02:49]} 26. Bg5 {[%emt 0:02:34]} h6 {[%emt 0:01:25]} 27. Rfd1 {[%emt 0:00:17]} Qb6 {[%emt 0:00:13]} 28. Be3 {[%emt 0:02:29]} g5 {[%emt 0:01:42]} 29. Nd6 {[%emt 0:00:04]} Bxd6 {[%emt 0:00:28]} 30. Qxf6 {[%emt 0:00:05]} Bf8 {[%emt 0:00:28]} 31. Qxb6 {[%emt 0:01:28]} Rxb6 {[%emt 0:00:01]} 32. Nf3 {[%emt 0:00:13]} Be6 {[%emt 0:00:44]} 33. Ne5 {[%emt 0:00:37]} Bf5 {[%emt 0:00:16]} 34. Nd7 {[%emt 0:00:33]} Rg6 {[%emt 0:01:02]} 35. Nxf8 {[%emt 0:00:15]} Rxf8 {[%emt 0:00:36]} 36. Bxc5 {[%emt 0:00:32]} Bxb1 {[%emt 0:00:10]} 37. Rxb1 {[%emt 0:00:55]} Rc8 {[%emt 0:00:48]} 38. Bxb4 {[%emt 0:00:06]} Rb6 {[%emt 0:00:11]} 39. Bd5+ {[%emt 0:00:16]} Kh7 {[%emt 0:00:05]} 40. Be4+ {[%emt 0:00:20]} Kg8 {[%emt 0:00:09]} 41. c5 {[%emt 0:02:32]} 1-0

[Event "45th Olympiad Budapest 2024"]
[Site "Budapest"]
[Date "2024.09.13"]
[Round "3"]
[Board "3"]
[White "Miranda Llanes, Yerisbel"]
[Black "Vega Gutierrez, Sabrina"]
[Result "0-1"]
[WhiteElo "2294"]
[BlackElo "2374"]
[PlyCount "110"]
[EventDate "2024.09.11"]
[EventType "team-tourn"]
[EventRounds "11"]
[EventCountry "HUN"]
[WhiteTeam "Cuba"]
[BlackTeam "Spain"]
[WhiteTeamCountry "CUB"]
[BlackTeamCountry "ESP"]

1. d4 {[%emt 0:00:18]} d5 {[%emt 0:00:07]} 2. c4 {[%emt 0:00:11]} e6 {[%emt 0:00:07]} 3. Nc3 {[%emt 0:00:13]} Nf6 {[%emt 0:00:12]} 4. cxd5 {[%emt 0:00:05]} Nxd5 {[%emt 0:00:16]} 5. e4 {[%emt 0:00:31]} Nxc3 {[%emt 0:00:18]} 6. bxc3 {[%emt 0:00:02]} c5 {[%emt 0:00:23]} 7. Nf3 {[%emt 0:00:17]} cxd4 {[%emt 0:00:22]} 8. cxd4 {[%emt 0:00:03]} Bb4+ {[%emt 0:00:08]} 9. Bd2 {[%emt 0:00:13]} Bxd2+ {[%emt 0:00:07]} 10. Qxd2 {[%emt 0:00:02]} O-O {[%emt 0:00:20]} 11. Bc4 {[%emt 0:00:18]} Nd7 {[%emt 0:00:21]} 12. O-O {[%emt 0:00:37]} b6 {[%emt 0:00:19]} 13. d5 {[%emt 0:00:21]} Nc5 {[%emt 0:02:44]} 14. Rfe1 {[%emt 0:00:36]} Bb7 {[%emt 0:01:53]} 15. Rad1 {[%emt 0:02:12]} exd5 {[%emt 0:02:28]} 16. exd5 {[%emt 0:00:57]} Qd6 {[%emt 0:04:34]} 17. Qd4 {[%emt 0:03:20]} Rad8 {[%emt 0:10:52]} 18. Ne5 {[%emt 0:11:06]} a6 {[%emt 0:06:09]} 19. a3 {[%emt 0:02:17]} Rfe8 {[%emt 0:12:06]} 20. Re3 {[%emt 0:03:30]} h6 $146 {[%emt 0:06:19]} ({RR} 20... f6 21. Nc6 Rxe3 22. Qxe3 Ra8 23. Ne7+ Kf8 24. Nf5 Qe5 25. Qh3 b5 26. f4 Qxf4 27. Qxh7 Qe5 28. Qxg7+ Ke8 29. d6 bxc4 30. d7+ Kd8 31. Qf8+ Kc7 32. d8=Q+ Rxd8 33. Qxd8+ Kc6 34. Nd4+ {1-0 Chitlange,S (2239)-Padmini,R (2389) TCh-IND Women 2023 (5.1)}) ({RR} 20... b5 21. Ba2 Re7 22. Rde1 Rde8 23. h4 f6 24. Ng4 Rxe3 25. Rxe3 Rxe3 26. Nxe3 g6 27. h5 Kf7 28. hxg6+ hxg6 29. Qh4 Kg7 30. Qg4 Kf7 31. Bb1 f5 32. Qh4 Kg8 33. Qg5 Ne4 34. Bxe4 fxe4 35. Nf5 {1-0 Ivic,V (2623)-Baches Garcia,G (2326) Titled Tuesday intern op 31st May Late blitz 2022 (1)}) 21. h4 {[%emt 0:06:20]} Re7 {[%emt 0:09:30]} 22. Ba2 {[%emt 0:08:17]} b5 {[%emt 0:00:56]} 23. Ng4 {[%emt 0:10:39]} Rxe3 {[%emt 0:09:23]} 24. Nxe3 {[%emt 0:00:59]} Bc8 {[%emt 0:10:36]} 25. Rc1 {[%emt 0:04:39]} Ne6 {[%emt 0:03:46]} 26. Qb2 {[%emt 0:15:06]} Nf8 {[%emt 0:02:42]} 27. Rc6 {[%emt 0:03:48]} Qf4 {[%emt 0:02:41]} 28. g3 {[%emt 0:09:48]} Qf3 {[%emt 0:01:34]} 29. Qe5 Bd7 {[%emt 0:00:45]} 30. Rc7 {[%emt 0:10:54]} Re8 {[%emt 0:01:29]} 31. Qf4 {[%emt 0:04:36]} Qxf4 {[%emt 0:03:04]} 32. gxf4 {[%emt 0:00:02]} Re4 {[%emt 0:00:38]} 33. Ra7 {[%emt 0:00:07]} Ra4 {[%emt 0:03:58]} 34. Nc2 {[%emt 0:00:07]} Rxf4 {[%emt 0:01:06]} 35. Rxa6 {[%emt 0:00:20]} Rg4+ {[%emt 0:00:40]} 36. Kf1 {[%emt 0:00:59]} Rxh4 {[%emt 0:00:42]} 37. Nb4 {[%emt 0:00:38]} g6 {[%emt 0:02:47]} 38. Ke2 {[%emt 0:01:00]} h5 {[%emt 0:01:14]} 39. Bb1 {[%emt 0:00:22]} Bg4+ {[%emt 0:01:19]} 40. Kd2 {[%emt 0:03:13]} Rh2 {[%emt 0:00:57]} 41. Be4 {[%emt 0:06:49]} Rxf2+ {[%emt 0:01:41]} 42. Ke3 {[%emt 0:00:19]} Re2+ {[%emt 0:01:39]} 43. Kd4 {[%emt 0:00:21]} h4 {[%emt 0:01:48]} 44. a4 {[%emt 0:01:24]} bxa4 {[%emt 0:01:26]} 45. Rxa4 {[%emt 0:00:04]} f5 {[%emt 0:13:26]} 46. Bd3 {[%emt 0:00:20]} Re1 {[%emt 0:00:07]} 47. Nc2 {[%emt 0:02:15]} h3 {[%emt 0:01:43]} 48. Bc4 {[%emt 0:09:02]} h2 {[%emt 0:00:44]} 49. Nxe1 {[%emt 0:00:59]} h1=Q {[%emt 0:00:13]} 50. d6+ {[%emt 0:00:27]} Kg7 {[%emt 0:00:17]} 51. Nd3 {[%emt 0:02:25]} Qe4+ {[%emt 0:01:23]} 52. Kc3 {[%emt 0:00:35]} Qe3 {[%emt 0:02:12]} 53. Rb4 {[%emt 0:04:46]} Bf3 {[%emt 0:02:18]} 54. Rb5 {[%emt 0:02:27]} Nd7 {[%emt 0:02:51]} 55. Rb1 {[%emt 0:00:25]} Be4 {[%emt 0:00:59]} 0-1

[Event "45th Olympiad Budapest 2024"]
[Site "Budapest"]
[Date "2024.09.13"]
[Round "3"]
[Board "4"]
[White "Matnadze Bujiashvili, Ann"]
[Black "Forgas Moreno, Yaniela"]
[Result "1-0"]
[WhiteElo "2338"]
[BlackElo "2203"]
[PlyCount "97"]
[EventDate "2024.09.11"]
[EventType "team-tourn"]
[EventRounds "11"]
[EventCountry "HUN"]
[WhiteTeam "Spain"]
[BlackTeam "Cuba"]
[WhiteTeamCountry "ESP"]
[BlackTeamCountry "CUB"]

1. Nf3 {[%emt 0:00:02]} Nf6 {[%emt 0:00:14]} 2. c4 {[%emt 0:00:31]} g6 {[%emt 0:00:18]} 3. b3 {[%emt 0:00:37]} Bg7 {[%emt 0:00:38]} 4. Bb2 {[%emt 0:00:06]} d6 {[%emt 0:00:43]} 5. g3 {[%emt 0:01:24]} O-O {[%emt 0:01:30]} 6. d4 {[%emt 0:01:51]} Nbd7 {[%emt 0:06:33]} 7. Bg2 {[%emt 0:00:28]} e5 {[%emt 0:03:22]} 8. Nc3 {[%emt 0:00:40]} Re8 {[%emt 0:00:20]} 9. e3 {[%emt 0:05:19]} c6 {[%emt 0:07:08]} 10. O-O {[%emt 0:02:30]} Qc7 {[%emt 0:07:02]} 11. Rc1 {[%emt 0:01:21]} Nf8 {[%emt 0:01:54]} ({RR} 11... h6 12. d5 c5 13. Nb5 Qb8 14. a4 a6 15. Nc3 a5 16. h3 Nh7 17. Nh4 Ndf8 18. e4 Bf6 19. Qd2 Qc7 20. f4 exf4 21. Nb5 Qe7 22. Bxf6 Nxf6 23. Qxf4 Nh5 24. Qxd6 Qg5 25. Rc3 Be6 26. dxe6 {1-0 Ng Mora,J (1779)-Montoya,M (1918) 17th American Continental 2024 (6.122)}) 12. h3 {[%emt 0:02:21]} ({RR} 12. b4 e4 13. Nd2 Bf5 14. d5 h5 15. Qa4 a5 16. b5 c5 17. b6 Qxb6 18. Rb1 Qc7 19. Qc2 Qe7 20. Nb5 N8h7 21. Bc3 Qd7 22. Qb2 Re7 23. h4 b6 24. Rbe1 Rb8 25. f3 exf3 26. Rxf3 Ne8 {1-0 Askarov,M (2516)-Vorobiov,E (2575) RUS Cup Serpukhov 2007 (1.2)}) 12... h5 {[%emt 0:08:32]} 13. e4 $146 {[%emt 0:02:53]} ({RR} 13. Qd2 e4 14. Nh2 Qe7 15. Rce1 Bh6 16. Qe2 N8h7 17. Kh1 Bf5 18. g4 hxg4 19. hxg4 Bd7 20. Bc1 Ng5 21. f4 exf3 22. Bxf3 Nge4 23. Nxe4 Nxe4 24. Bxe4 Qxe4+ 25. Qf3 d5 26. c5 Re7 27. Kg2 Rae8 {0-1 Becker,F-Braitt,M Catarinense-ch 32th 1986 (6)}) ({RR} 13. dxe5 dxe5 14. e4 Bh6 15. Rc2 N6h7 16. Bc1 Bxc1 17. Qxc1 Ne6 18. Rd1 Kg7 19. Qe3 f6 20. Nh4 Nd4 21. Rcd2 Ng5 22. Kh2 Nge6 23. Bf1 g5 24. Be2 Rd8 25. Nf3 a5 26. Na4 b6 27. Nxd4 exd4 {0-1 Rilling,U (2130)-Wege,J (2200) Hessenliga 9798 1997 [4]}) ({RR} 13. Qd2 e4 14. Ne1 N8h7 15. f4 Bf5 16. b4 Qd7 17. Kh2 d5 18. c5 Bh6 19. Nd1 Kh8 20. Nf2 Rg8 21. h4 Ng4+ 22. Nxg4 hxg4 23. Bc3 Nf6 24. Rb1 Nh5 25. Qf2 Qe7 26. Nc2 Rae8 {½-½ Angermueller,O (2110)-Maurer,J (1930) Oberliga Bayern 9899 1998 (7.8)}) 13... Ne6 {[%emt 0:17:34]} 14. Nd5 {[%emt 0:08:49]} cxd5 {[%emt 0:03:56]} 15. cxd5 {[%emt 0:00:03]} Qd8 {[%emt 0:01:14]} 16. dxe6 {[%emt 0:02:11]} Bxe6 {[%emt 0:06:17]} 17. dxe5 {[%emt 0:04:00]} Nxe4 {[%emt 0:01:57]} 18. Nd4 {[%emt 0:04:00]} d5 {[%emt 0:04:25]} 19. Nxe6 {[%emt 0:11:17]} Rxe6 {[%emt 0:07:14]} 20. Qe1 {[%emt 0:02:42]} Qb6 {[%emt 0:06:11]} 21. Bxe4 {[%emt 0:03:16]} dxe4 {[%emt 0:00:05]} 22. Qxe4 {[%emt 0:00:25]} Rae8 {[%emt 0:03:17]} 23. Bd4 {[%emt 0:01:38]} Qa6 {[%emt 0:01:24]} 24. f4 {[%emt 0:06:38]} Qxa2 {[%emt 0:04:02]} 25. Qxb7 {[%emt 0:04:01]} R6e7 {[%emt 0:01:56]} 26. Qb5 {[%emt 0:01:28]} a6 {[%emt 0:01:52]} 27. Qc4 {[%emt 0:14:58]} Rb7 {[%emt 0:01:57]} 28. Rf3 {[%emt 0:01:18]} Reb8 {[%emt 0:01:36]} 29. Ra1 {[%emt 0:01:43]} Qd2 {[%emt 0:00:35]} 30. Bf2 {[%emt 0:03:31]} Qb2 {[%emt 0:00:48]} 31. Rxa6 {[%emt 0:01:44]} Rxb3 {[%emt 0:00:28]} 32. Rxb3 {[%emt 0:03:33]} Qxb3 {[%emt 0:00:38]} 33. Qxb3 {[%emt 0:01:09]} Rxb3 {[%emt 0:00:06]} 34. Ra8+ {[%emt 0:00:41]} Kh7 {[%emt 0:00:05]} 35. Kg2 {[%emt 0:01:07]} Rb7 {[%emt 0:01:05]} 36. Re8 {[%emt 0:00:42]} Rb5 {[%emt 0:00:44]} 37. Rc8 {[%emt 0:02:35]} g5 {[%emt 0:00:37]} 38. Kf3 {[%emt 0:01:31]} gxf4 {[%emt 0:00:29]} 39. gxf4 {[%emt 0:00:13]} Kg6 {[%emt 0:00:42]} 40. Ke4 {[%emt 0:01:17]} Rb4+ {[%emt 0:00:35]} 41. Bd4 {[%emt 0:00:41]} Rb1 {[%emt 0:14:48]} 42. f5+ {[%emt 0:08:18]} Kh7 {[%emt 0:05:45]} 43. Rc7 {[%emt 0:02:43]} Kg8 {[%emt 0:02:12]} 44. Bc3 {[%emt 0:01:20]} Rc1 {[%emt 0:06:00]} 45. f6 {[%emt 0:08:05]} Bh6 {[%emt 0:02:58]} 46. e6 {[%emt 0:00:59]} Rc2 {[%emt 0:01:10]} 47. exf7+ {[%emt 0:01:25]} Kh8 {[%emt 0:00:21]} 48. Kf5 {[%emt 0:04:39]} Bf8 {[%emt 0:00:37]} 49. Rc8 {[%emt 0:00:22]} 1-0

[Event "45th Olympiad Budapest 2024"]
[Site "Budapest"]
[Date "2024.09.13"]
[Round "3"]
[Board "1"]
[White "Assaubayeva, Bibisara"]
[Black "Newrkla, Katharina"]
[Result "1/2-1/2"]
[WhiteElo "2482"]
[BlackElo "2208"]
[PlyCount "60"]
[EventDate "2024.09.11"]
[EventType "team-tourn"]
[EventRounds "11"]
[EventCountry "HUN"]
[WhiteTeam "Kazakhstan"]
[BlackTeam "Austria"]
[WhiteTeamCountry "KAZ"]
[BlackTeamCountry "AUT"]

1. d4 {[%emt 0:00:05]} Nf6 {[%emt 0:00:06]} 2. c4 {[%emt 0:00:16]} e6 {[%emt 0:00:05]} 3. Nf3 {[%emt 0:01:34]} b6 {[%emt 0:00:12]} 4. g3 {[%emt 0:03:10]} Bb7 {[%emt 0:00:07]} 5. Bg2 {[%emt 0:00:05]} Be7 {[%emt 0:00:12]} 6. O-O {[%emt 0:00:08]} O-O {[%emt 0:00:08]} 7. Re1 {[%emt 0:00:04]} d5 {[%emt 0:00:13]} 8. cxd5 {[%emt 0:03:52]} exd5 {[%emt 0:00:06]} 9. Nc3 {[%emt 0:00:28]} Nbd7 {[%emt 0:02:07]} 10. b3 {[%emt 0:05:59]} ({RR} 10. h4 Re8 11. Bf4 Nf8 12. Ne5 Ne6 13. e3 Nxf4 14. exf4 c5 15. a3 Rb8 16. Rc1 a6 17. Rc2 Bf8 18. Rd2 c4 19. Rde2 b5 20. g4 b4 21. axb4 Bxb4 22. g5 Ne4 23. Nxc4 Bxc3 24. bxc3 Qc7 {½-½ Morales Garcia,S (2234)-Garcia de Dios,J (2209) 33rd Carlos Torre Mem 2023 (6.16)}) 10... Ne4 {[%emt 0:06:56]} 11. Bb2 {[%emt 0:01:02]} Ndf6 {[%emt 0:02:26]} ({RR} 11... Bb4 12. Rc1 c5 13. e3 Rc8 14. Re2 Ndf6 15. dxc5 Bxc3 16. Bxc3 Nxc3 17. Rxc3 bxc5 18. Rc1 Qb6 19. Rec2 Rfd8 20. Ne5 Ba6 21. Bf1 Bxf1 22. Qxf1 Rc7 23. Nd3 Rdc8 24. Nf4 g5 25. Ne2 Ne4 26. Nc3 {½-½ Lupulescu,C (2631)-Bologan,V (2630) EU-chT (Men) 20th 2015 (7.1)}) 12. e3 $146 {[%emt 0:11:00]} ({RR} 12. Qc2 c5 13. Rac1 Ng4 14. Rf1 cxd4 15. Nxe4 dxe4 16. Nxd4 Rc8 17. Qb1 Rxc1 18. Rxc1 Bc5 19. e3 Qf6 20. Qc2 Qh6 21. Nf5 Qxh2+ 22. Kf1 Ba6+ {0-1 Bocharov,D (2585)-Khanin,S (2450) Cheliabinsk Kurnosov Memorial rapid 2017 (10)}) 12... Bb4 {[%emt 0:08:19]} 13. Rc1 {[%emt 0:01:10]} Re8 {[%emt 0:10:20]} 14. Re2 {[%emt 0:03:07]} Nxc3 {[%emt 0:15:41]} 15. Bxc3 {[%emt 0:00:07]} Bxc3 {[%emt 0:00:03]} 16. Rxc3 {[%emt 0:00:08]} Ne4 {[%emt 0:00:05]} 17. Rc1 {[%emt 0:00:14]} c5 {[%emt 0:00:08]} 18. dxc5 {[%emt 0:07:29]} bxc5 {[%emt 0:00:11]} 19. Nd2 {[%emt 0:02:02]} Ba6 {[%emt 0:09:18]} 20. Re1 {[%emt 0:01:59]} Qa5 {[%emt 0:06:27]} 21. Nxe4 {[%emt 0:08:55]} dxe4 {[%emt 0:00:05]} 22. Rc2 {[%emt 0:10:11]} Rad8 {[%emt 0:05:26]} 23. Qa1 {[%emt 0:03:09]} Bd3 {[%emt 0:00:57]} 24. Qc3 {[%emt 0:02:11]} Qb6 {[%emt 0:00:40]} 25. Rcc1 {[%emt 0:00:26]} Qa6 {[%emt 0:05:27]} 26. Qxc5 {[%emt 0:07:38]} Qxa2 {[%emt 0:00:32]} 27. Ra1 {[%emt 0:00:52]} Qxb3 {[%emt 0:00:20]} 28. Qxa7 {[%emt 0:00:09]} Rc8 {[%emt 0:06:28]} 29. Qa2 {[%emt 0:03:02]} Qxa2 {[%emt 0:05:40]} 30. Rxa2 {[%emt 0:00:27]} h5 {[%emt 0:01:36]} 1/2-1/2